000 00414nam a2200181Ia 4500
008 151202s9999||||xx |||||||||||||| ||und||
082 _bPNVM-21762
100 _aCHRISTIE AGATHA.
245 _aDEAD MANS FOLLY.
260 _b---
260 _c0
300 _a0
600 _aCHRISTIE AGATHA.
630 _aDEAD MANS FOLLY.
700 _aCHRISTIE AGATHA.
730 _aDEAD MANS FOLLY.
942 _cBOOK
999 _c1287737
_d1287734